1301 1355 1368 1105 1603 1002 1367 1462 1978 1351 1135 1635 1794 1309 1403 1631 1749 1768 1623 1977 1846 1650 1358 1940 1625 1502 1237 1421 1772 1376 1704 1880 1992 1570 1520 1842 1527 1577 1603 1220 1809 1987 1860 1077 1138 1807 1461 1295 1333 1067 1412 1218 1400 1824 1312 1230 1767 1167 1625 1257 1698 1606 1750 1611 1766 1936 1588 1117 1950 1992 1986 1383 1439 1379 1795 1828 1701 1651 1334 1534 1942 1277 1624 1517 1336 1835 1730 1074 1768 1233 1089 1054 1494 1240 1969 1928 1243 1439 1600 BCNSPRNW ULIB Ver.6.0+V

เปลี่ยนเป็นภาษาไทย

Change to English
 แสดงรายละเอียดบรรณานุกรม
  กลับหน้าหลัก

Brief Record : Get Marc (ISO 2709) : E-mail record : QR code < ปิดหน้าต่าง
LEADER : 00000nam 2200000uu 4500
001    13399122587
003     ULIB
008    020711s2544 th a 000 0 tha d
020    9742944369
099    วจ.WA20.5^bอ662ก
100    อารีย์ สุขก้อง
110    วิทยาลัยพยาบาลบรมราชชนนี ชลบุรี
245    การพัฒนารูปแบบการฝึกอบรมเชิงปฏบัติการพัฒนานักวิจัยทางการสาธารณสุข วิทยาลัยพยาบาลบรมราชชนนี ชลบุรี/^cอารีย์ สุขก้อง และคณะ
260    ชลบุรี :^bวิทยาลัยพยาบาลบรมราชชนนี ชลบุรี,^c2544
300    154 หน้า
700    สมพร รักความสุข
700    สุภาวดี ด่านธำรงกูล
945    ^p0^l0^i20032
รายการนี้ยังไม่มีแท็ก
คุณยังไม่ได้ล็อกอิน คุณสามารถมีกิจกรรมร่วมกับเว็บไซต์ได้ แต่ต้องล็อกอินก่อน ::
  ล็อกอิน

รายการสื่อสารสนเทศ

ลำดับที่ ประเภท เลขเรียก/บาร์โค้ด สถานที่ สถานะ
1. งานวิจัย
งานวิจัย
วจ.WA20.5 อ662ก ฉ.1 
  Barcode: 20032
ห้องสมุดวิทยาเขตสวรรค์ประชารักษ์
►วิจัย
บนชั้น

BibComment


ยังไม่เคยถูกคอมเมนท์

คอมเมนท์ทรัพยากรรายการนี้
  คอมเมนท์: การพัฒนารูปแบบการ..


 Copyright 2026. Bcnsprnw @Library